Provinces d'Argentine - Carte Quiz - Statistiques

Statistiques générales
  • Ce quiz a été pris 17 fois
  • Le résultat moyen est 11 sur 24
Réponses sur la Carte
Les réponses sont colorées sur une échelle allant du rouge au vert en fonction du pourcentage des utilisateurs qui les ont devinées à leur premier essai. Vous pouvez retrouver ces pourcentages ci-dessous.
 
Statistiques - réponses
Réponse % Correct
Buenos Aires
90%
Ciudad de Buenos Aires
80%
Formosa
70%
La Pampa
70%
Mendoza
70%
Córdoba
60%
Jujuy
60%
Chubut
50%
La Rioja
50%
Misiones
50%
Río Negro
50%
Salta
50%
Tierra del Fuego
50%
Santa Cruz
40%
Santa Fe
40%
Catamarca
30%
Chaco
30%
Corrientes
30%
Entre Ríos
30%
Niuquén
30%
San Juan
30%
San Luis
30%
Tucumán
30%
Santiago del Estero
20%
Aucun quiz correspondant
Distribution des résultats
% des personnes avec chaque résultat
Percentile par nombre de réponses
Votre historique - résultats
Vous n’avez pas pris ce quiz